High income social tenants (Record no. 114328)

MARC details
000 -LEADER
fixed length control field 01151cad a22002175a 4500
001 - CONTROL NUMBER
control field L156627
008 - FIXED-LENGTH DATA ELEMENTS--GENERAL INFORMATION
fixed length control field 120614s2012 xxk f 000 0 eng d
020 ## - INTERNATIONAL STANDARD BOOK NUMBER
International Standard Book Number 9781409835479
035 ## - SYSTEM CONTROL NUMBER
System control number (Sirsi) u156627
041 0# - LANGUAGE CODE
Language code of text/sound track or separate title eng
110 2# - MAIN ENTRY--CORPORATE NAME
Corporate name or jurisdiction name as entry element United Kingdom
Subordinate unit Department for Communities and Local Government
9 (RLIN) 4939
245 00 - TITLE STATEMENT
Title High income social tenants
Remainder of title Pay to stay consultation paper
Medium [electronic resource]
260 ## - PUBLICATION, DISTRIBUTION, ETC.
Place of publication, distribution, etc. London
Date of publication, distribution, etc. DCLG
Name of publisher, distributor, etc. 2012
520 ## - SUMMARY, ETC.
Summary, etc. The Government consults on proposals to require tenants on high incomes in social housing to pay higher rents than those on lower incomes. Considers the income threshold above which high income tenants could be asked to pay a higher rent, what the higher level of rent should be, disclosure of income by tenants and whether the policy should be voluntary or compulsory for social landlords.
520 ## - SUMMARY, ETC.
Summary, etc. Consultation closes 12 September 2012.
590 ## - LOCAL NOTE (RLIN)
Local note KA NTK
651 #4 - SUBJECT ADDED ENTRY--GEOGRAPHIC NAME
Geographic name England
Chronological subdivision 886-
690 ## - LOCAL SUBJECT ADDED ENTRY--TOPICAL TERM (OCLC, RLIN)
Topical term or geographic name as entry element Residential property
9 (RLIN) 6266
856 40 - ELECTRONIC LOCATION AND ACCESS
Uniform Resource Identifier <a href="https://www.communities.gov.uk/documents/housing/pdf/2160581.pdf">https://www.communities.gov.uk/documents/housing/pdf/2160581.pdf</a>
Public note View the item free of charge from the www.communities.gov.uk
942 ## - ADDED ENTRY ELEMENTS (KOHA)
Suppress in OPAC 0
Holdings
Withdrawn status Lost status Source of classification or shelving scheme Damaged status Not for loan Home library Current library Shelving location Date acquired Total Checkouts Full call number Barcode Date last seen Copy number Price effective from Koha item type
    Dewey Decimal Classification     Virtual Virtual Online 14/06/2012   ONLINE PUBLICATION 156627-2001 06/08/2019 1 06/08/2019 Book